Sujetos y malestares Aproximacin̤ sociosubjetiva al discurso biomďico /

Bibliographic Details
Main Author: Alameda Cuesta, Almudena
Format: eBook
Language:Spanish
Published: Madrid : Dykinson, 2010
Subjects:
Online Access:Acceso restringido

MARC

LEADER 00000nam a22000007a 4500
005 20130712125056.0
007 cr|||| ||||
008 130712s2010 sp |||||s|||| 00||0 spa d
020 |a 978-84-9849-976-6 
035 |a 11439 
040 |a vLex 
090 |c 4444  |d 4444 
100 1 |a Alameda Cuesta, Almudena 
245 1 0 |a Sujetos y malestares  |h [Recurso electrn̤ico] :  |b Aproximacin̤ sociosubjetiva al discurso biomďico /  |c Almudena Alameda Cuesta  
256 |a Servicio en ln̕ea 
260 |a Madrid :  |b Dykinson,  |c 2010 
300 |a 1 recurso electrn̤ico 
506 1 |a Contenido solo disponible en los productos indicados  |d vLex Global  |d vLex Global (Academic Edition, excluding Law Schools)  |d vLex Global (U.S. Academic Edition, Law Schools)  |d vLex Global (U.S. Academic Edition, excluding Law Schools)  |d vLex Global (Academic Edition, Law Schools) 
650 0 4 |a Biomedicina  |z Espaą 
740 0 |a vLex Libros (Servicio en ln̕ea) 
856 4 0 |u http://vlex.com/source/sujetos-malestares-11439  |z Acceso restringido 
942 |c BOOK 
999 0 |a biomedicine